000 00473nam a2200133Ia 4500
008 100328s9999 xx 000 0 und d
082 _b54179
100 _aचौधरी बनवारीलाल
245 _aकेळीची लागवड व व्यापार
260 _bउदयम
630 _aकेळीची लागवड व व्यापार
730 _aकेळीची लागवड व व्यापार
942 _cBOOK
999 _c540902
_d540899